<?xml version="1.0" encoding="UTF-8"?>
<record
    xmlns:xsi="http://www.w3.org/2001/XMLSchema-instance"
    xsi:schemaLocation="http://www.loc.gov/MARC21/slim http://www.loc.gov/standards/marcxml/schema/MARC21slim.xsd"
    xmlns="http://www.loc.gov/MARC21/slim">

  <leader>00541nam a2200217Ia 4500</leader>
  <controlfield tag="003">OSt</controlfield>
  <controlfield tag="005">20220615160809.0</controlfield>
  <controlfield tag="008">210210b2006   xxu||||| |||| 00| 0 eng d</controlfield>
  <datafield tag="040" ind1=" " ind2=" ">
    <subfield code="c">AL</subfield>
  </datafield>
  <datafield tag="041" ind1=" " ind2=" ">
    <subfield code="a">eng</subfield>
  </datafield>
  <datafield tag="082" ind1=" " ind2=" ">
    <subfield code="a">005.74 SILD</subfield>
  </datafield>
  <datafield tag="100" ind1=" " ind2=" ">
    <subfield code="a">SILBERSCHATZ (Abraham)</subfield>
    <subfield code="9">42916</subfield>
  </datafield>
  <datafield tag="245" ind1=" " ind2=" ">
    <subfield code="a">Database system concepts</subfield>
  </datafield>
  <datafield tag="250" ind1=" " ind2=" ">
    <subfield code="a">5</subfield>
  </datafield>
  <datafield tag="260" ind1=" " ind2=" ">
    <subfield code="a">Boston</subfield>
    <subfield code="b">McGraw-Hill Higher Education</subfield>
    <subfield code="c">2006</subfield>
  </datafield>
  <datafield tag="300" ind1=" " ind2=" ">
    <subfield code="a">xxvi,1142</subfield>
  </datafield>
  <datafield tag="690" ind1=" " ind2=" ">
    <subfield code="a">Data Base Management</subfield>
    <subfield code="9">42917</subfield>
  </datafield>
  <datafield tag="700" ind1=" " ind2=" ">
    <subfield code="a">KORTH (Henry F)</subfield>
    <subfield code="9">42918</subfield>
  </datafield>
  <datafield tag="906" ind1=" " ind2=" ">
    <subfield code="a">063580</subfield>
  </datafield>
  <datafield tag="942" ind1=" " ind2=" ">
    <subfield code="2">ddc</subfield>
    <subfield code="c">BK</subfield>
  </datafield>
  <datafield tag="999" ind1=" " ind2=" ">
    <subfield code="c">138423</subfield>
    <subfield code="d">138423</subfield>
  </datafield>
  <datafield tag="952" ind1=" " ind2=" ">
    <subfield code="0">0</subfield>
    <subfield code="1">0</subfield>
    <subfield code="4">0</subfield>
    <subfield code="7">0</subfield>
    <subfield code="8">Computer Science</subfield>
    <subfield code="a">AL</subfield>
    <subfield code="b">AL</subfield>
    <subfield code="c">Computer Science</subfield>
    <subfield code="d">2021-02-17</subfield>
    <subfield code="e">West Coast Paper and Stationers Mangalore-1</subfield>
    <subfield code="g">511.00</subfield>
    <subfield code="l">0</subfield>
    <subfield code="o">005.74 SILD</subfield>
    <subfield code="p">063584</subfield>
    <subfield code="r">2021-02-17 00:00:00</subfield>
    <subfield code="w">2021-02-17</subfield>
    <subfield code="y">BK</subfield>
  </datafield>
  <datafield tag="952" ind1=" " ind2=" ">
    <subfield code="0">0</subfield>
    <subfield code="1">0</subfield>
    <subfield code="4">0</subfield>
    <subfield code="7">0</subfield>
    <subfield code="8">Computer Science</subfield>
    <subfield code="a">AL</subfield>
    <subfield code="b">AL</subfield>
    <subfield code="c">Computer Science</subfield>
    <subfield code="d">2021-02-17</subfield>
    <subfield code="e">West Coast Paper and Stationers Mangalore-1</subfield>
    <subfield code="g">511.00</subfield>
    <subfield code="l">2</subfield>
    <subfield code="o">005.74 SILD</subfield>
    <subfield code="p">063583</subfield>
    <subfield code="r">2025-01-02 00:00:00</subfield>
    <subfield code="s">2024-12-23</subfield>
    <subfield code="w">2021-02-17</subfield>
    <subfield code="y">BK</subfield>
  </datafield>
  <datafield tag="952" ind1=" " ind2=" ">
    <subfield code="0">0</subfield>
    <subfield code="1">0</subfield>
    <subfield code="4">0</subfield>
    <subfield code="7">0</subfield>
    <subfield code="8">Computer Science</subfield>
    <subfield code="a">AL</subfield>
    <subfield code="b">AL</subfield>
    <subfield code="c">Computer Science</subfield>
    <subfield code="d">2021-02-17</subfield>
    <subfield code="e">West Coast Paper and Stationers Mangalore-1</subfield>
    <subfield code="g">511.00</subfield>
    <subfield code="l">0</subfield>
    <subfield code="o">005.74 SILD</subfield>
    <subfield code="p">063582</subfield>
    <subfield code="r">2021-02-17 00:00:00</subfield>
    <subfield code="w">2021-02-17</subfield>
    <subfield code="y">BK</subfield>
  </datafield>
  <datafield tag="952" ind1=" " ind2=" ">
    <subfield code="0">0</subfield>
    <subfield code="1">0</subfield>
    <subfield code="4">0</subfield>
    <subfield code="7">0</subfield>
    <subfield code="8">Computer Science</subfield>
    <subfield code="a">AL</subfield>
    <subfield code="b">AL</subfield>
    <subfield code="c">Computer Science</subfield>
    <subfield code="d">2021-02-17</subfield>
    <subfield code="e">West Coast Paper and Stationers Mangalore-1</subfield>
    <subfield code="g">511.00</subfield>
    <subfield code="l">0</subfield>
    <subfield code="o">005.74 SILD</subfield>
    <subfield code="p">063581</subfield>
    <subfield code="r">2021-02-17 00:00:00</subfield>
    <subfield code="w">2021-02-17</subfield>
    <subfield code="y">BK</subfield>
  </datafield>
  <datafield tag="952" ind1=" " ind2=" ">
    <subfield code="0">0</subfield>
    <subfield code="1">0</subfield>
    <subfield code="4">0</subfield>
    <subfield code="7">0</subfield>
    <subfield code="8">Computer Science</subfield>
    <subfield code="a">AL</subfield>
    <subfield code="b">AL</subfield>
    <subfield code="c">Computer Science</subfield>
    <subfield code="d">2021-02-17</subfield>
    <subfield code="e">West Coast Paper and Stationers Mangalore-1</subfield>
    <subfield code="g">511.00</subfield>
    <subfield code="l">0</subfield>
    <subfield code="o">005.74 SILD</subfield>
    <subfield code="p">063580</subfield>
    <subfield code="r">2021-02-17 00:00:00</subfield>
    <subfield code="w">2021-02-17</subfield>
    <subfield code="y">BK</subfield>
  </datafield>
  <datafield tag="952" ind1=" " ind2=" ">
    <subfield code="0">0</subfield>
    <subfield code="1">0</subfield>
    <subfield code="4">0</subfield>
    <subfield code="7">0</subfield>
    <subfield code="8">Computer Science</subfield>
    <subfield code="a">AL</subfield>
    <subfield code="b">AL</subfield>
    <subfield code="c">Computer Science</subfield>
    <subfield code="d">2021-02-17</subfield>
    <subfield code="e">Booksys</subfield>
    <subfield code="g">511.00</subfield>
    <subfield code="l">0</subfield>
    <subfield code="o">005.74 SILD</subfield>
    <subfield code="p">063799</subfield>
    <subfield code="r">2021-02-17 00:00:00</subfield>
    <subfield code="w">2021-02-17</subfield>
    <subfield code="y">BK</subfield>
  </datafield>
  <datafield tag="952" ind1=" " ind2=" ">
    <subfield code="0">0</subfield>
    <subfield code="1">0</subfield>
    <subfield code="4">0</subfield>
    <subfield code="7">0</subfield>
    <subfield code="8">Computer Science</subfield>
    <subfield code="a">AL</subfield>
    <subfield code="b">AL</subfield>
    <subfield code="c">Computer Science</subfield>
    <subfield code="d">2021-02-17</subfield>
    <subfield code="e">Booksys</subfield>
    <subfield code="g">511.00</subfield>
    <subfield code="l">0</subfield>
    <subfield code="o">005.74 SILD</subfield>
    <subfield code="p">063798</subfield>
    <subfield code="r">2021-02-17 00:00:00</subfield>
    <subfield code="w">2021-02-17</subfield>
    <subfield code="y">BK</subfield>
  </datafield>
  <datafield tag="952" ind1=" " ind2=" ">
    <subfield code="0">0</subfield>
    <subfield code="1">0</subfield>
    <subfield code="4">0</subfield>
    <subfield code="7">0</subfield>
    <subfield code="8">Computer Science</subfield>
    <subfield code="a">AL</subfield>
    <subfield code="b">AL</subfield>
    <subfield code="c">Computer Science</subfield>
    <subfield code="d">2021-02-17</subfield>
    <subfield code="e">Booksys</subfield>
    <subfield code="g">511.00</subfield>
    <subfield code="l">1</subfield>
    <subfield code="o">005.74 SILD</subfield>
    <subfield code="p">063797</subfield>
    <subfield code="r">2024-05-08 00:00:00</subfield>
    <subfield code="s">2023-12-29</subfield>
    <subfield code="w">2021-02-17</subfield>
    <subfield code="y">BK</subfield>
  </datafield>
  <datafield tag="952" ind1=" " ind2=" ">
    <subfield code="0">0</subfield>
    <subfield code="1">0</subfield>
    <subfield code="4">0</subfield>
    <subfield code="7">3</subfield>
    <subfield code="8">Computer Science</subfield>
    <subfield code="a">AL</subfield>
    <subfield code="b">AL</subfield>
    <subfield code="c">RS</subfield>
    <subfield code="d">2021-02-17</subfield>
    <subfield code="e">Booksys</subfield>
    <subfield code="g">511.00</subfield>
    <subfield code="l">0</subfield>
    <subfield code="o">005.74 SILD</subfield>
    <subfield code="p">063796</subfield>
    <subfield code="r">2021-02-17 00:00:00</subfield>
    <subfield code="w">2021-02-17</subfield>
    <subfield code="y">BK</subfield>
  </datafield>
</record>
